[Event "Staatsliga B - Mitte 2002/03"]
[Site "?"]
[Date "2002.12.01"]
[Round "5.6"]
[White "ROGULJ, Branko"]
[Black "SANDHOEFNER, Florian"]
[Result "0-1"]
[WhiteElo "2435"]
[BlackElo "2259"]
[PlyCount "104"]
[EventDate "2002.12.01"]

1. e4 c5 2. Nc3 Nc6 3. g3 g6 4. Bg2 Bg7 5. d3 d6 6. f4 e6 7. Nf3 Nge7 8. O-O
O-O 9. Be3 Nd4 10. e5 Nef5 11. Bf2 Nxf3+ 12. Qxf3 Nd4 13. Qd1 dxe5 14. fxe5
Bxe5 15. Ne4 f5 16. Nxc5 Qc7 17. b4 Rb8 18. c3 Nb5 19. d4 Bg7 20. Qb3 Qf7 21.
Be3 b6 22. Nd3 Bb7 23. a4 Bxg2 24. Kxg2 Nd6 25. Bf4 Rbd8 26. Bxd6 Rxd6 27. Rae1
Rc8 28. b5 e5 29. Qa3 Qd5+ 30. Kg1 exd4 31. c4 Rxc4 32. Nf4 Qc5 33. Qf3 d3+ 34.
Kh1 d2 35. Rd1 Rc1 36. Kg2 Qc2 37. h4 Rxd1 38. Rxd1 Qe4 39. Nh3 Rd3 40. Qxe4
fxe4 41. Nf4 Rd6 42. Kf2 Bd4+ 43. Ke2 e3 44. Kf3 Bc5 45. Ke2 Rf6 46. Ra1 h6 47.
Nd3 Bd4 48. Rb1 g5 49. hxg5 hxg5 50. g4 Rh6 51. Rd1 Rh2+ 52. Kf3 e2 0-1

[Event "Staatsliga B - Mitte 2002/03"]
[Site "?"]
[Date "2002.12.01"]
[Round "5.6"]
[White "TOBER, Gerhard"]
[Black "BAWART, Markus"]
[Result "1/2-1/2"]
[WhiteElo "2233"]
[BlackElo "2337"]
[PlyCount "130"]
[EventDate "2002.12.01"]

1. e4 Nf6 2. e5 Nd5 3. d4 d6 4. Nf3 g6 5. Be2 Bg7 6. O-O O-O 7. c4 Nb6 8. Nc3
Nc6 9. exd6 cxd6 10. h3 Bf5 11. Be3 d5 12. c5 Nc4 13. Bc1 b6 14. cxb6 Nxb6 15.
Bf4 Nc4 16. b3 Na3 17. Rc1 Nb4 18. Qd2 Qa5 19. Nxd5 Qxd5 20. Qxb4 Nc2 21. Qd2
Nxd4 22. Nxd4 Qxd4 23. Rc7 e6 24. Rd1 Qb6 25. Qd6 Qa5 26. Bf3 Rac8 27. Rxc8
Rxc8 28. Bb7 Rf8 29. Qa6 Bc3 30. Qc6 Bg7 31. a4 h5 32. Be3 Be5 33. Bc5 Rd8 34.
Rxd8+ Qxd8 35. Qc8 Qxc8 36. Bxc8 a5 37. b4 axb4 38. Bxb4 Bd3 39. a5 Bd4 40. Bd6
e5 41. Bc7 Kf8 42. Bb6 Ke7 43. Bxd4 exd4 44. a6 Kd8 45. a7 Be4 46. Ba6 Kc7 47.
f3 Bb7 48. Bc4 h4 49. Bxf7 g5 50. Kf2 Kb6 51. g3 Kxa7 52. f4 gxf4 53. gxh4 Kb6
54. h5 Kc5 55. Bg6 Bd5 56. h6 Bg8 57. Kf3 Kd6 58. Kxf4 Ke6 59. Kg5 Ke7 60. h4
Ke6 61. h5 Ke7 62. Bf5 Kf7 63. Bd3 Bh7 64. Bxh7 d3 65. Bxd3 Kg8 1/2-1/2

[Event "Staatsliga B - Mitte 2002/03"]
[Site "?"]
[Date "2002.12.01"]
[Round "5.6"]
[White "ARWANITAKIS, Michael"]
[Black "STADLER, Peter"]
[Result "1-0"]
[WhiteElo "2190"]
[BlackElo "2187"]
[PlyCount "77"]
[EventDate "2002.12.01"]

1. e4 c5 2. Nc3 Nc6 3. g3 g6 4. Bg2 Bg7 5. d3 e6 6. Be3 d6 7. Qd2 Nd4 8. Nd1 h6
9. c3 Nc6 10. h3 Nge7 11. Ne2 Qa5 12. d4 cxd4 13. Nxd4 Ne5 14. b3 a6 15. O-O d5
16. f4 N5c6 17. Nxc6 bxc6 18. b4 Qc7 19. Bc5 a5 20. e5 Ba6 21. Rf2 Bf8 22. Bd6
Qd8 23. g4 h5 24. Ne3 Ng8 25. Bxf8 Kxf8 26. f5 exf5 27. gxf5 Kg7 28. Qd4 Nh6
29. Kh1 Kh7 30. e6 Qe7 31. Rg1 Rhg8 32. exf7 Nxf7 33. fxg6+ Rxg6 34. Nf5 Qa7
35. Qh4 Rg5 36. Nd6 Nxd6 37. Qxg5 Qxf2 38. Be4+ Nf5 39. Qxh5# 1-0

[Event "Staatsliga B - Mitte 2002/03"]
[Site "?"]
[Date "2002.12.01"]
[Round "5.6"]
[White "PETROCZI, Thomas"]
[Black "HATZL, Stefan"]
[Result "1/2-1/2"]
[WhiteElo "2131"]
[BlackElo "2147"]
[PlyCount "34"]
[EventDate "2002.12.01"]

1. e4 c5 2. Nf3 d6 3. d4 cxd4 4. Nxd4 Nf6 5. Nc3 a6 6. Be3 e5 7. Nb3 Be7 8. f3
Be6 9. Qd2 Nbd7 10. g4 h6 11. O-O-O b5 12. Qf2 Rc8 13. Nd5 Bxd5 14. exd5 Qc7
15. h3 g5 16. h4 gxh4 17. Rd2 e4 1/2-1/2

[Event "Staatsliga-B-Mitte 2002/2003"]
[Site "ST. Veit"]
[Date "2003.01.18"]
[Round "6.1"]
[White "HABA, Petr"]
[Black "GABRIEL, Christian"]
[Result "1/2-1/2"]
[WhiteElo "2534"]
[BlackElo "2562"]
[PlyCount "45"]
[EventDate "2003.01.18"]

1. e4 e5 2. Nf3 Nc6 3. Bb5 a6 4. Ba4 Nf6 5. O-O Be7 6. Re1 b5 7. Bb3 d6 8. c3
O-O 9. h3 Nb8 10. d4 Nbd7 11. Nbd2 Bb7 12. Bc2 Re8 13. Nf1 Bf8 14. Ng3 g6 15.
a4 Bg7 16. d5 Qb8 17. b3 c6 18. c4 bxc4 19. bxc4 a5 20. Ba3 Nc5 21. Rb1 Qc7 22.
Bxc5 dxc5 23. d6 1/2-1/2

[Event "Staatsliga-B-Mitte 2002/2003"]
[Site "ST. Veit"]
[Date "2003.01.18"]
[Round "6.2"]
[White "ZAJA, Ivan"]
[Black "JANZ, Frerik"]
[Result "1/2-1/2"]
[WhiteElo "2433"]
[BlackElo "2366"]
[PlyCount "91"]
[EventDate "2003.01.18"]

1. d4 Nf6 2. c4 c5 3. e3 g6 4. Nc3 Bg7 5. Nf3 O-O 6. Be2 d5 7. cxd5 Nxd5 8. O-O
cxd4 9. exd4 Nc6 10. Qb3 Nxc3 11. bxc3 b6 12. Bf4 Be6 13. Qa4 Qd7 14. Rad1 Na5
15. Qxd7 Bxd7 16. c4 Rac8 17. c5 Ba4 18. Rc1 bxc5 19. Rxc5 Rxc5 20. dxc5 Rc8
21. Rb1 Bf8 22. Rb4 Bd7 23. Be3 Kg7 24. Rd4 Be8 25. Ba6 Rc7 26. Rd8 Ba4 27.
Bd4+ f6 28. Ng5 Bd7 29. Bb5 Bf5 30. Nxh7 a6 31. g4 axb5 32. gxf5 Nc6 33. Rxf8
Kxh7 34. Be3 gxf5 35. Ra8 e5 36. f3 f4 37. Bf2 Kg6 38. Kf1 Nd4 39. Bxd4 exd4
40. Rd8 Rxc5 41. Rxd4 Rc2 42. Rxf4 Rxh2 43. Rb4 Rxa2 44. Rxb5 f5 45. Rb4 Kg5
46. Rc4 1/2-1/2

[Event "Staatsliga-B-Mitte 2002/2003"]
[Site "ST. Veit"]
[Date "2003.01.18"]
[Round "6.3"]
[White "MENACHER, Manfred"]
[Black "BUKAL, Vladimir Jun"]
[Result "0-1"]
[WhiteElo "2354"]
[BlackElo "2409"]
[PlyCount "66"]
[EventDate "2003.01.18"]

1. e4 e6 2. d4 d5 3. Nc3 Bb4 4. e5 Ne7 5. a3 Bxc3+ 6. bxc3 c5 7. Qg4 Kf8 8. Nf3
Qa5 9. Bd2 Qa4 10. Kd1 b6 11. h3 Qc6 12. Qf4 h6 13. h4 Ba6 14. Bxa6 Nxa6 15. h5
Rc8 16. Rc1 Nc7 17. Nh4 Ke8 18. g4 Nb5 19. a4 Na3 20. Rh3 Rf8 21. Rf3 Qxa4 22.
Ng6 Nxg6 23. hxg6 cxd4 24. gxf7+ Kd7 25. g5 hxg5 26. Qg4 Qc4 27. cxd4 Qf1+ 28.
Be1 Nxc2 29. Rxc2 Rxc2 30. Kxc2 Qxe1 31. Qg3 Rc8+ 32. Kb3 Qb1+ 33. Ka3 Rc2 0-1

[Event "Staatsliga-B-Mitte 2002/2003"]
[Site "ST. Veit"]
[Date "2003.01.18"]
[Round "6.4"]
[White "ASCHENBRENNER, Robert"]
[Black "KRANZL, Peter"]
[Result "0-1"]
[WhiteElo "2230"]
[BlackElo "2247"]
[PlyCount "76"]
[EventDate "2003.01.18"]

1. e4 c6 2. c4 e5 3. Nf3 d6 4. d4 Nd7 5. Nc3 Ngf6 6. Be2 g6 7. O-O Bg7 8. Be3
O-O 9. d5 cxd5 10. cxd5 Ng4 11. Bd2 h6 12. Ne1 Ngf6 13. b4 Ne8 14. g4 f5 15.
gxf5 gxf5 16. exf5 Qh4 17. Ng2 Qxb4 18. Nb5 Qe4 19. Nc3 Qxf5 20. Bg4 Qh7 21.
Be6+ Kh8 22. f4 exf4 23. Nxf4 Nef6 24. Rb1 Nc5 25. Nb5 Bxe6 26. dxe6 Nfe4 27.
Be3 Be5 28. Qd5 Rf5 29. Qc4 Rg8+ 30. Kh1 a6 31. Nd4 b5 32. Qc2 Rfg5 33. Nf3
Ng3+ 34. hxg3 Qxc2 35. Rbc1 Qe4 36. Bxc5 Rxg3 37. Rce1 Qxf4 38. Be3 Rh3+ 0-1

[Event "Staatsliga-B-Mitte 2002/2003"]
[Site "ST. Veit"]
[Date "2003.01.18"]
[Round "6.5"]
[White "HAGER, Herbert"]
[Black "MITTER, Gerd"]
[Result "1/2-1/2"]
[WhiteElo "2142"]
[BlackElo "2187"]
[PlyCount "92"]
[EventDate "2003.01.18"]

1. d4 Nf6 2. c4 g6 3. Nc3 d5 4. cxd5 Nxd5 5. Bd2 Bg7 6. Nf3 O-O 7. e3 c5 8. Qb3
Nb4 9. dxc5 N8c6 10. O-O-O Be6 11. Qa4 Nd3+ 12. Bxd3 Qxd3 13. e4 a5 14. Be3 Qa6
15. Nd4 Nb4 16. Kb1 Bc4 17. Nb3 Bd3+ 18. Kc1 b5 19. cxb6 Rac8 20. b7 Qxb7 21.
Nc5 Rxc5 22. Bxc5 Bxe4 23. Rd7 Nd3+ 24. Rxd3 Bxd3 25. Rd1 Bf5 26. Qxa5 Qxg2 27.
Be3 Qxh2 28. Qb4 Qc7 29. Rd5 Rc8 30. Rc5 Qd8 31. Rxc8 Qxc8 32. Qxe7 Bxc3 33.
bxc3 Qxc3+ 34. Kd1 Bc2+ 35. Ke2 Bd3+ 36. Kf3 Qc6+ 37. Kg3 Qe4 38. Qxe4 Bxe4 39.
a4 Kg7 40. Kf4 Bb7 41. Bd4+ f6 42. a5 Kf7 43. Bb6 Ke6 44. Bd8 h5 45. Ke3 g5 46.
Bc7 Kf5 1/2-1/2

[Event "Staatsliga-B-Mitte 2002/2003"]
[Site "ST. Veit"]
[Date "2003.01.18"]
[Round "6.6"]
[White "SPIRK, Stefan"]
[Black "HOEBARTH, Guenter"]
[Result "1-0"]
[WhiteElo "2134"]
[BlackElo "2146"]
[PlyCount "99"]
[EventDate "2003.01.18"]

1. c4 d6 2. Nc3 e5 3. g3 c6 4. Bg2 Nf6 5. Nf3 Be7 6. O-O O-O 7. d3 Nbd7 8. Nd2
Nh5 9. Rb1 f5 10. e3 Qe8 11. b4 Ndf6 12. b5 Bd7 13. Ba3 g5 14. bxc6 bxc6 15.
Rb7 g4 16. f4 gxf3 17. Bxf3 Ng7 18. Qa4 f4 19. exf4 exf4 20. Nde4 Ng4 21. Bxg4
Bxg4 22. Rxe7 Qxe7 23. Bxd6 Qd7 24. Rxf4 Rxf4 25. gxf4 Kh8 26. c5 Bf3 27. Qd4
Qh3 28. Kf2 Qg2+ 29. Ke3 Qg1+ 30. Nf2 Bh5 31. f5 Re8+ 32. Kd2 Qe1+ 33. Kc2 Re2+
34. Nxe2 Qxe2+ 35. Kb3 Bf7+ 36. Kc3 Qxa2 37. Be5 Qa1+ 38. Kd2 Qxd4 39. Bxd4 Kg8
40. Bxg7 Kxg7 41. Ne4 a5 42. Kc2 a4 43. Kb2 Bb3 44. d4 Bd1 45. d5 Bf3 46. d6
Kf8 47. Ng5 Bg4 48. Nxh7+ Kf7 49. Ng5+ Ke8 50. f6 1-0

[Event "Staatsliga-B-Mitte 2002/2003"]
[Site "ST. Veit"]
[Date "2003.01.18"]
[Round "6.1"]
[White "FTACNIK, Lubomir"]
[Black "MANCA, Federico"]
[Result "1-0"]
[WhiteElo "2603"]
[BlackElo "2349"]
[PlyCount "113"]
[EventDate "2003.01.18"]

1. Nf3 d5 2. d4 e6 3. c4 c5 4. cxd5 exd5 5. Nc3 Nc6 6. g3 Nf6 7. Bg2 Be7 8. O-O
O-O 9. dxc5 Bxc5 10. Bg5 d4 11. Bxf6 Qxf6 12. Nd5 Qd8 13. Nd2 Re8 14. Rc1 Bb6
15. Nc4 Bg4 16. Re1 Ba5 17. Nxa5 Qxa5 18. b4 Nxb4 19. Qxd4 Nxd5 20. Qxg4 Rad8
21. Qc4 Nb6 22. Qb3 Rd2 23. a3 g6 24. Bf3 Re7 25. Red1 Red7 26. Rxd2 Qxd2 27.
Rb1 Rc7 28. Kg2 Qc3 29. g4 Qf6 30. Qe3 Qe7 31. Qxe7 Rxe7 32. Rb4 Re5 33. e3 Ra5
34. Rb3 Nc4 35. Rxb7 Nxa3 36. Rd7 Nc4 37. Bd5 Ne5 38. Rd8+ Kg7 39. g5 h6 40. h4
hxg5 41. hxg5 f6 42. f4 Ng4 43. Kf3 Nh2+ 44. Kg3 Nf1+ 45. Kf2 Nh2 46. gxf6+
Kxf6 47. Rd6+ Kg7 48. Rd7+ Kh6 49. Be6 g5 50. Kg2 gxf4 51. exf4 Ra4 52. Rf7 Re4
53. Bh3 Re2+ 54. Kg3 Kg6 55. Rxa7 Kf6 56. Ra6+ Kg7 57. Ra1 1-0

[Event "Staatsliga-B-Mitte 2002/2003"]
[Site "ST. Veit"]
[Date "2003.01.18"]
[Round "6.2"]
[White "SCHEIN, Karl-Heinz"]
[Black "GYIMESI, Zoltan"]
[Result "0-1"]
[WhiteElo "2232"]
[BlackElo "2596"]
[PlyCount "96"]
[EventDate "2003.01.18"]

1. e4 c6 2. Nc3 d5 3. Nf3 Bg4 4. h3 Bxf3 5. Qxf3 e6 6. g3 Nf6 7. Bg2 Bb4 8. e5
Nfd7 9. Qg4 Bf8 10. Qe2 c5 11. O-O Nc6 12. f4 Nd4 13. Qd1 c4 14. Ne2 Bc5 15.
Nxd4 Bxd4+ 16. Kh2 O-O 17. c3 Bb6 18. d4 cxd3 19. Qxd3 Qc7 20. Be3 Rac8 21.
Bxb6 Qxb6 22. Qe2 g6 23. Rad1 Qa6 24. Qxa6 bxa6 25. Rd4 Nb6 26. Rf2 Rc5 27. Bf1
Rb8 28. g4 a5 29. Kg3 h6 30. h4 Nd7 31. Bd3 g5 32. Re2 gxf4+ 33. Rxf4 Kg7 34.
h5 Rg8 35. a4 Rc7 36. Kh4 Nc5 37. Bb1 Nd7 38. Bd3 Nc5 39. Bb1 Kf8 40. Rf6 Nd7
41. Rxh6 Rc4 42. Rh7 Rcxg4+ 43. Kh3 Rg3+ 44. Kh2 R3g5 45. Bg6 Rg7 46. Rh8+ Ke7
47. Bd3 Nxe5 48. Bb5 Nf3+ 0-1

[Event "Staatsliga-B-Mitte 2002/2003"]
[Site "ST. Veit"]
[Date "2003.01.18"]
[Round "6.4"]
[White "SANDNER, Wolfgang"]
[Black "STANEC, Nikolaus"]
[Result "0-1"]
[WhiteElo "2220"]
[BlackElo "2523"]
[PlyCount "61"]
[EventDate "2003.01.18"]

1. e4 c5 2. Nf3 e6 3. d3 Nc6 4. g3 g6 5. Bg2 Bg7 6. O-O Nge7 7. Re1 d6 8. Nc3
O-O 9. Bf4 e5 10. Bd2 f5 11. exf5 Bxf5 12. h3 Kh8 13. g4 Be6 14. Qc1 Bg8 15.
Bg5 Qd7 16. Ne2 Rf7 17. Bh4 Nd5 18. Bg3 Nf4 19. Ng5 Nxe2+ 20. Rxe2 Rff8 21. c3
Ne7 22. Qe3 Nd5 23. Qe4 Rab8 24. Rd1 Nf4 25. Bxf4 Rxf4 26. Qe3 Rbf8 27. Ne4 h5
28. gxh5 gxh5 29. d4 exd4 30. cxd4 cxd4 31. Rxd4 {nicht lesbar} 0-1

[Event "Staatsliga-B-Mitte 2002/2003"]
[Site "ST. Veit"]
[Date "2003.01.18"]
[Round "6.5"]
[White "WEISS, Christian"]
[Black "WURM, Christoph"]
[Result "1-0"]
[WhiteElo "2422"]
[BlackElo "2155"]
[PlyCount "159"]
[EventDate "2003.01.18"]

1. c4 e6 2. Nf3 d5 3. g3 c6 4. Qc2 Nf6 5. Bg2 Nbd7 6. O-O Bd6 7. b3 O-O 8. Nc3
Qe7 9. d3 Rd8 10. cxd5 exd5 11. e4 dxe4 12. dxe4 Ne5 13. Nh4 Bc5 14. Na4 Bd4
15. Bb2 Bxb2 16. Nxb2 Ng6 17. Nxg6 hxg6 18. Rfe1 Be6 19. Nd3 Rd4 20. Nf4 Rad8
21. Qc3 R4d7 22. h4 Ne8 23. Rac1 Nc7 24. Bf1 Qa3 25. Rc2 Rd1 26. Rxd1 Rxd1 27.
Kg2 Qd6 28. Be2 Rd4 29. Qe3 Qd8 30. Bf3 a6 31. Kh2 Rd6 32. Qa7 Bc8 33. Qb8 Nb5
34. e5 Rd4 35. Re2 Qc7 36. Qxc7 Nxc7 37. Ng2 Ne6 38. Ne3 Rd8 39. Rb2 Kf8 40.
Nc4 Ke7 41. Bg2 g5 42. hxg5 Nxg5 43. f4 Ne6 44. Nd6 Nd4 45. b4 Nf5 46. Ne4 Ne3
47. Bf3 Bg4 48. Bxg4 Nxg4+ 49. Kg2 Ne3+ 50. Kf3 Nc4 51. Re2 Rd3+ 52. Kf2 b6 53.
Rc2 Rd4 54. Ng5 a5 55. Nf3 Re4 56. bxa5 Nxa5 57. Nd2 Rb4 58. Kf3 c5 59. a3 Ra4
60. Rc3 Nc6 61. Nc4 Nd4+ 62. Kg4 Ra6 63. Nd6 f6 64. Nf5+ Nxf5 65. Kxf5 fxe5 66.
Kxe5 Ra8 67. Rb3 c4 68. Re3 b5 69. Kd5+ Kf7 70. Kc5 Rd8 71. Kb4 Kf6 72. Re5 Rd3
73. Rxb5 Rxg3 74. a4 c3 75. a5 Rf3 76. a6 c2 77. Rc5 Rxf4+ 78. Kb3 Rf3+ 79. Kb2
Rf2 80. Ra5 1-0

[Event "Staatsliga-B-Mitte 2002/2003"]
[Site "ST. Veit"]
[Date "2003.01.18"]
[Round "6.2"]
[White "BUHMANN, Rainer"]
[Black "IONESCU, Doru Alexandru"]
[Result "1-0"]
[WhiteElo "2527"]
[BlackElo "2433"]
[PlyCount "63"]
[EventDate "2003.01.18"]

1. d4 Nf6 2. c4 c5 3. e3 g6 4. Nf3 Bg7 5. Nc3 O-O 6. Be2 b6 7. O-O d6 8. a3 Bb7
9. d5 a6 10. a4 e5 11. e4 Nbd7 12. Qc2 Kh8 13. Ne1 Ng8 14. Nd3 a5 15. Bd2 Qe7
16. Rae1 Rae8 17. Nb5 Ndf6 18. Bd1 Ba6 19. f4 Bxb5 20. axb5 exf4 21. e5 Nd7 22.
e6 fxe6 23. Rxe6 Qh4 24. Rxd6 f3 25. Bxf3 Ne5 26. Bc3 Nxc4 27. Bxg7+ Kxg7 28.
Qc3+ Nf6 29. Re6 Rxe6 30. dxe6 Re8 31. Bc6 Rd8 32. e7 1-0

[Event "Staatsliga-B-Mitte 2002/2003"]
[Site "ST. Veit"]
[Date "2003.01.18"]
[Round "6.3"]
[White "SEIFERT, Volker"]
[Black "SCHLINDWEIN, Rolf"]
[Result "0-1"]
[WhiteElo "2252"]
[BlackElo "2426"]
[PlyCount "74"]
[EventDate "2003.01.18"]

1. d4 d6 2. c4 e5 3. Nf3 Nc6 4. e3 g6 5. dxe5 dxe5 6. Qxd8+ Kxd8 7. Bd2 f6 8.
Bc3 Bf5 9. a3 a5 10. Nbd2 a4 11. h3 Be6 12. g4 Bg7 13. Rd1 Ke8 14. Ne4 Kf7 15.
Bd3 Bc8 16. c5 Be6 17. Bb5 h6 18. Rg1 Nge7 19. g5 Bd5 20. gxf6 Bxf6 21. Nfd2
Bg7 22. Ke2 Be6 23. h4 Rhd8 24. Bd3 Nd5 25. Bc2 Bf5 26. Bb1 Bf8 27. Ba2 Be6 28.
Bb1 Be7 29. Rh1 Nxc3+ 30. bxc3 Ra5 31. Rdg1 Rb5 32. h5 g5 33. Rc1 Na5 34. Bc2
Rb2 35. Kf3 Nb3 36. Bxb3 axb3 37. Kg3 Rbxd2 0-1

[Event "Staatsliga-B-Mitte 2002/2003"]
[Site "ST. Veit"]
[Date "2003.01.18"]
[Round "6.4"]
[White "RESCHUN, Sascha"]
[Black "BAUMGARTNER, Heinz"]
[Result "0-1"]
[WhiteElo "2280"]
[BlackElo "2398"]
[PlyCount "77"]
[EventDate "2003.01.18"]

1. e4 e5 2. Nf3 Nc6 3. d4 exd4 4. Nxd4 Nf6 5. Nc3 Bb4 6. Nxc6 bxc6 7. Bd3 d5 8.
exd5 cxd5 9. O-O O-O 10. Bg5 c6 11. Qf3 Be7 12. h3 h6 13. Bf4 Bd6 14. Ne2 Bxf4
15. Qxf4 Qb6 16. b3 Ba6 17. Bxa6 Qxa6 18. Ng3 c5 19. Nf5 Kh7 20. Rad1 Rae8 21.
c4 d4 22. Rd3 Re4 23. Qd2 Re5 24. g4 Rfe8 25. Qf4 Nd5 26. Qf3 Nb4 27. Rd2 Qf6
28. Kg2 Qg5 29. Rfd1 R8e6 30. h4 Qg6 31. h5 Qg5 32. Qg3 Re4 33. Kh3 Rf4 34. a3
Nc6 35. Nh4 Ne5 36. f3 Nxg4 37. Rd3 Ne5 38. b4 Nxd3 39. Rxd3 0-1

[Event "Staatsliga-B-Mitte 2002/2003"]
[Site "ST. Veit"]
[Date "2003.01.18"]
[Round "6.5"]
[White "ROLLETSCHEK, Heinrich"]
[Black "RAGGER, Markus"]
[Result "1-0"]
[WhiteElo "2261"]
[BlackElo "2211"]
[PlyCount "83"]
[EventDate "2003.01.18"]

1. e4 c5 2. g3 d5 3. d3 Nc6 4. Bg2 dxe4 5. dxe4 Qxd1+ 6. Kxd1 g6 7. c3 Be6 8.
Kc2 O-O-O 9. Be3 b6 10. Nd2 Nf6 11. f3 Nd7 12. Bh3 Bxh3 13. Nxh3 Nde5 14. Nf2
Na5 15. b3 Bg7 16. f4 Nec6 17. Rad1 e5 18. f5 f6 19. Nf3 Ne7 20. Rxd8+ Kxd8 21.
Nh4 Nb7 22. g4 Nd6 23. h3 h5 24. Rd1 Kc7 25. Nxg6 Nxg6 26. fxg6 hxg4 27. hxg4
Nc8 28. g5 fxg5 29. Rg1 Nd6 30. Rxg5 Kd7 31. Kd3 Ke6 32. Rg1 Ne8 33. a4 Nf6 34.
a5 Nd7 35. Ra1 Kf6 36. axb6 axb6 37. Kc4 Kxg6 38. Rd1 Nf6 39. Rd6 Bh6 40. Bxh6
Rxh6 41. Ng4 Rh3 42. Nxf6 1-0

[Event "Staatsliga-B-Mitte 2002/2003"]
[Site "ST. Veit"]
[Date "2003.01.18"]
[Round "6.1"]
[White "KONOPKA, Michal"]
[Black "HORVATH, Jozsef"]
[Result "1/2-1/2"]
[WhiteElo "2449"]
[BlackElo "2514"]
[PlyCount "43"]
[EventDate "2003.01.18"]

1. d4 Nf6 2. Nf3 d5 3. c4 e6 4. g3 Bb4+ 5. Bd2 Be7 6. Bg2 O-O 7. O-O c6 8. Qb3
b6 9. Bb4 Bxb4 10. Qxb4 Bb7 11. Nc3 c5 12. dxc5 Nc6 13. Qa3 Na5 14. Rfd1 Qc8
15. cxd5 Nxd5 16. Rac1 Nxc3 17. Qxc3 Rd8 18. a4 Rxd1+ 19. Rxd1 Bd5 20. Ne1 Qa6
21. Bxd5 exd5 22. Rxd5 1/2-1/2

[Event "Staatsliga-B-Mitte 2002/2003"]
[Site "ST. Veit"]
[Date "2003.01.18"]
[Round "6.3"]
[White "SANDHOEFNER, Florian"]
[Black "TITZ, Heimo"]
[Result "1-0"]
[WhiteElo "2259"]
[BlackElo "2325"]
[PlyCount "87"]
[EventDate "2003.01.18"]

1. e4 c5 2. Nf3 e6 3. c4 Nc6 4. Nc3 Nf6 5. Be2 d5 6. exd5 exd5 7. d4 cxd4 8.
Nxd4 Bc5 9. Nxc6 bxc6 10. cxd5 Nxd5 11. Nxd5 Qxd5 12. O-O Qxd1 13. Rxd1 Be6 14.
Bf3 Rc8 15. Bf4 O-O 16. Rac1 Bb6 17. b3 c5 18. Bd5 Rfd8 19. Bxe6 fxe6 20. Rxd8+
Rxd8 21. Be3 Kf7 22. Kf1 Rd5 23. Ke2 Kf6 24. Rc4 h6 25. Ra4 Ke7 26. h4 Kf6 27.
Ra6 Rh5 28. a4 Rxh4 29. a5 Rb4 30. axb6 axb6 31. Ra3 Ke5 32. Kd3 Kd5 33. Kc3
Rg4 34. g3 h5 35. Ra7 e5 36. Rd7+ Kc6 37. Rf7 Kd6 38. Rf5 h4 39. gxh4 Rxh4 40.
Rg5 b5 41. Rxg7 b4+ 42. Kd3 Rh1 43. Kc4 Rh4+ 44. Kb5 1-0

[Event "Staatsliga-B-Mitte 2002/2003"]
[Site "ST. Veit"]
[Date "2003.01.18"]
[Round "6.4"]
[White "PETSCHAR, Kurt"]
[Black "TOBER, Gerhard"]
[Result "0-1"]
[WhiteElo "2291"]
[BlackElo "2233"]
[PlyCount "74"]
[EventDate "2003.01.18"]

1. e4 c5 2. Nf3 Nc6 3. c3 d5 4. exd5 Qxd5 5. d4 cxd4 6. cxd4 e5 7. Nc3 Bb4 8.
Bd2 Bxc3 9. Bxc3 e4 10. Ne5 Nxe5 11. dxe5 Ne7 12. Be2 O-O 13. O-O Bf5 14. Qa4
Bd7 15. Qb4 Rfe8 16. Rfd1 Qc6 17. Rd6 a5 18. Qb3 Qc7 19. Rad1 Be6 20. Qa4 Nf5
21. Bb5 Rf8 22. R6d2 e3 23. fxe3 Nxe3 24. Re1 Nf5 25. Bd3 b6 26. Qf4 Ne7 27. a3
Rad8 28. h4 g6 29. h5 Nd5 30. Qd4 Nxc3 31. Qxc3 Qxc3 32. bxc3 Rd7 33. Kf2 Rfd8
34. Ke3 Rd5 35. hxg6 hxg6 36. Red1 Rxe5+ 37. Kf3 Red5 0-1

[Event "Staatsliga-B-Mitte 2002/2003"]
[Site "ST. Veit"]
[Date "2003.01.18"]
[Round "6.5"]
[White "STADLER, Peter"]
[Black "NICKL, Klaus"]
[Result "1/2-1/2"]
[WhiteElo "2187"]
[BlackElo "2203"]
[PlyCount "56"]
[EventDate "2003.01.18"]

1. Nf3 g6 2. d4 c6 3. g3 d6 4. Bg2 Bg7 5. c4 Bg4 6. h3 Bxf3 7. Bxf3 Qb6 8. e3
Nf6 9. Nc3 Nbd7 10. O-O O-O 11. Rb1 a5 12. a3 Rfd8 13. b4 axb4 14. Rxb4 Qc7 15.
Qb3 Rab8 16. Bd2 b6 17. Na4 Rb7 18. Rb1 Rdb8 19. c5 dxc5 20. Nxc5 Nxc5 21. dxc5
Nd7 22. cxb6 Rxb6 23. Qc2 c5 24. Rxb6 Rxb6 25. Rxb6 Qxb6 26. a4 Ne5 27. Be2 Nc6
28. Bb5 Nb4 1/2-1/2

[Event "Staatsliga-B-Mitte 2002/2003"]
[Site "ST. Veit"]
[Date "2003.01.18"]
[Round "6.6"]
[White "WALDMANN, Gerald"]
[Black "PETROCZI, Thomas"]
[Result "1/2-1/2"]
[WhiteElo "2160"]
[BlackElo "2131"]
[PlyCount "26"]
[EventDate "2003.01.18"]

1. e4 c6 2. d4 d5 3. exd5 cxd5 4. c4 Nf6 5. Nc3 e6 6. Nf3 Be7 7. c5 O-O 8. Bf4
Nc6 9. Bb5 Bd7 10. O-O Ne4 11. Re1 Nxc3 12. bxc3 b6 13. cxb6 Qxb6 1/2-1/2

[Event "Staatsliga-B-Mitte 2002/2003"]
[Site "ST. Veit"]
[Date "2003.01.18"]
[Round "6.2"]
[White "WATZKA, Horst"]
[Black "FAULAND, Alexander"]
[Result "1/2-1/2"]
[WhiteElo "2348"]
[BlackElo "2427"]
[PlyCount "26"]
[EventDate "2003.01.18"]

1. e4 c5 2. Nf3 e6 3. Nc3 d6 4. d4 cxd4 5. Nxd4 Nf6 6. g3 Nc6 7. Bg2 Bd7 8. O-O
Be7 9. Re1 O-O 10. Nxc6 Bxc6 11. a4 Re8 12. Be3 a6 13. h3 Qc7 1/2-1/2

[Event "Staatsliga-B-Mitte 2002/2003"]
[Site "ST. Veit"]
[Date "2003.01.18"]
[Round "6.3"]
[White "ROGULJ, Branko"]
[Black "SINGER, Richard"]
[Result "0-1"]
[WhiteElo "2435"]
[BlackElo "2281"]
[PlyCount "82"]
[EventDate "2003.01.18"]

1. e4 c6 2. d4 d5 3. exd5 cxd5 4. c4 Nf6 5. Nc3 e6 6. Nf3 dxc4 7. Bxc4 Be7 8.
O-O O-O 9. Re1 Nbd7 10. Bg5 Nb6 11. Bb3 Nfd5 12. Bxe7 Nxe7 13. Qd3 Bd7 14. Bc2
g6 15. Ne5 Nc6 16. Bb3 Nxe5 17. dxe5 Bc6 18. Qe3 Qe7 19. Qh6 Rfd8 20. Ne4 Bxe4
21. Rxe4 Qf8 22. Qg5 Rd7 23. h4 Qd8 24. Qg4 h5 25. Qf4 Nd5 26. Qf3 Ne7 27. Rc1
Nf5 28. g3 Rc8 29. Rxc8 Qxc8 30. Rc4 Qd8 31. Qc3 Kg7 32. Rc8 Qb6 33. Ba4 Rd4
34. Bc2 Nxg3 35. Qa3 Rb4 36. Kg2 Ne2 37. Kf1 Nf4 38. Qe3 Qxe3 39. fxe3 Nd5 40.
Bb3 Nxe3+ 41. Ke2 Nf5 0-1

[Event "Staatsliga-B-Mitte 2002/2003"]
[Site "ST. Veit"]
[Date "2003.01.18"]
[Round "6.5"]
[White "BAWART, Markus"]
[Black "RIEDNER, Martin"]
[Result "1-0"]
[WhiteElo "2337"]
[BlackElo "2206"]
[PlyCount "68"]
[EventDate "2003.01.18"]

1. Nf3 d6 2. d4 f5 3. h4 Nf6 4. h5 e6 5. Nc3 d5 6. Bg5 Be7 7. e3 Nbd7 8. Ne2
Ne4 9. Bxe7 Qxe7 10. c3 b6 11. Nf4 Bb7 12. Bb5 c6 13. Bd3 e5 14. dxe5 Nxe5 15.
Bxe4 fxe4 16. Nxe5 Qxe5 17. Qd4 Qxd4 18. exd4 Kf7 19. Rc1 Rae8 20. Kd2 Kf6 21.
f3 g5 22. Nh3 exf3 23. gxf3 Rhg8 24. Nf2 Ke7 25. Rhg1 Ref8 26. Rg3 Kd6 27. Rcg1
h6 28. Ng4 Rh8 29. Ne5 Rh7 30. Ng6 Rff7 31. f4 gxf4 32. Rf3 c5 33. Nxf4 Rhg7
34. Rxg7 Rxg7 1-0

[Event "Staatsliga-B-Mitte 2002/2003"]
[Site "ST. Veit"]
[Date "2003.01.18"]
[Round "6.6"]
[White "DETTER, Peter"]
[Black "ARWANITAKIS, Michael"]
[Result "1/2-1/2"]
[WhiteElo "2170"]
[BlackElo "2190"]
[PlyCount "85"]
[EventDate "2003.01.18"]

1. d4 Nf6 2. c4 g6 3. Nc3 Bg7 4. e4 d6 5. Nf3 O-O 6. Be2 Na6 7. O-O c6 8. h3 e5
9. dxe5 dxe5 10. Qxd8 Rxd8 11. Bg5 Nc5 12. Rad1 Be6 13. Bxf6 Bxf6 14. b3 a5 15.
Rxd8+ Rxd8 16. Rd1 Rxd1+ 17. Bxd1 Bg7 18. Bc2 f6 19. Kf1 Bf8 20. Ne1 Kf7 21.
Nd3 Bd6 22. Nxc5 Bxc5 23. Ke2 Bd4 24. Nd1 Ke7 25. Ne3 Kd6 26. Bd3 Kc5 27. Nc2
Bc3 28. Ke3 a4 29. Be2 axb3 30. axb3 b5 31. cxb5 cxb5 32. Na3 Bd4+ 33. Kf3 Bd7
34. Nc2 Bc3 35. Ke3 Ba5 36. f4 exf4+ 37. Kxf4 Bd2+ 38. Kf3 Bc6 39. Bd3 f5 40.
g4 Bc1 41. gxf5 gxf5 42. h4 Kb6 43. Nd4 1/2-1/2

[Event "Staatsliga-B-Mitte 2002/2003"]
[Site "ST. Veit"]
[Date "2003.01.18"]
[Round "6.1"]
[White "ZUPE, Miran"]
[Black "MOHR, Georg"]
[Result "1/2-1/2"]
[WhiteElo "2378"]
[BlackElo "2488"]
[PlyCount "42"]
[EventDate "2003.01.18"]

1. e4 d6 2. d4 Nf6 3. Nc3 g6 4. g3 Bg7 5. Bg2 O-O 6. Nge2 e5 7. h3 Nc6 8. Be3
Bd7 9. O-O a6 10. a4 exd4 11. Nxd4 Nxd4 12. Bxd4 Bc6 13. a5 Re8 14. Re1 Nd7 15.
Bxg7 Kxg7 16. Qd4+ Qf6 17. Qxf6+ Nxf6 18. Re3 Re7 19. Rae1 Rae8 20. f4 h6 21.
Kf2 g5 1/2-1/2